| 000 | 00549cam a2200217ua 4500 | ||
|---|---|---|---|
| 001 | 3276 | ||
| 005 | 20260515113646.0 | ||
| 008 | 111014n ii |||gr||||Z||||||asm | ||
| 020 | _a81-237-1981-7 | ||
| 040 | _cMAIN | ||
| 082 | _a891.4513 | ||
| 100 | _aChiraj, Seyed Mustafa, | ||
| 245 | 1 | 1 |
_aAlik Manush _cby Seyed Mustafa Chiraj |
| 250 | _a1st. | ||
| 260 |
_aNew Delhi: _bNational Book trust,997. |
||
| 300 |
_a319p: _c23cm. |
||
| 653 | _aAssamese novel | ||
| 653 | _aAlik Manush | ||
| 700 |
_aThakuria, Harinath, _eTranslator., |
||
| 942 | _cBK | ||
| 999 |
_c3119 _d3119 |
||